banner-ar

قصتى فى الروحية / (Record no. 47775)

MARC details
000 -الفاتح
حقل البيانات ثابتة الطول 00489nam a2200169Ia 4500
008 - عناصر البيانات ثابتة الطول - معلومات عامة
حقل البيانات ثابتة الطول 140319s9999 xx 000 0 ara d
040 ## - مصدر الفهرسة
وكالة الفهرسة الأصلية GCL /
وكالة النسخ GCL
082 04 - رقم تصنيف ديوى العشرى
رقم التصنيف 133.91
رقم المادة ن ق
100 1# - المدخل الرئيسى - إسم شخصى
الإسم الشخصى نصيف اسحق
245 10 - بيان العنوان
العنوان قصتى فى الروحية /
بيان المسئوليه,etc نصيف اسحق
300 ## - الوصف المادى
التعداد 307 ص
490 ## - بيان السلسلة
عنوان السلسلة فى العلم الروحى الحديث
رقم المجلد/ التعيين التسلسلي 0
650 04 - المدخل الاضافى بالموضوع-مصطلح موضوعى
مصطلح موضوعي تحضير الارواح
650 04 - المدخل الاضافى بالموضوع-مصطلح موضوعى
مصطلح موضوعي الروحانيات - الغيبيات
942 ## - عناصر المدخل الإضافي( كوها)
مصدر التصنيف او مخطط الترفيف Dewey Decimal Classification
Koha [default] item type كتاب
Holdings
حالة التراجع حالة الفقد حالة تلف ليس للاعارة المكان المؤقت الموقع الحالى تاريخ الاكتساب اجمالي اﻻعارات رقم الطلب الباركود تاريخ اخر مشاهدة تاريخ تفعيل السعر نوع وعاء كوها
        مكتبة القاهرة الكبرى مكتبة القاهرة الكبرى 03/26/2014   133.91\ن ق 115211 03/26/2014 03/26/2014 كتاب
        مكتبة القاهرة الكبرى مكتبة القاهرة الكبرى 03/26/2014   133.91\ن ق 115212 03/26/2014 03/26/2014 كتاب

Powered By

EGPV